[Event "World Blitz 2025"]
[Site "Doha QAT"]
[Date "2025.12.30"]
[Round "19.114"]
[White "Damaj, Mohammed"]
[Black "Chekh Adm Khedr, Aram"]
[Result "1/2-1/2"]
[WhiteTitle "CM"]
[BlackTitle "FM"]
[WhiteElo "2119"]
[BlackElo "2139"]
[WhiteFideId "11501731"]
[BlackFideId "7601948"]
[EventDate "2025.12.29"]

1. e4 c5 2. Nf3 Nc6 3. c3 d5 4. exd5 Qxd5 5. d4 e6 6. Be2 Nf6 7. dxc5 Qxd1+ 8.
Bxd1 Bxc5 9. O-O O-O 10. Nbd2 a5 11. Nb3 Bb6 12. a4 Ne7 13. Be2 Bd7 14. Bg5 Bc6
15. Nbd2 Ned5 16. Ne5 Nd7 17. Nxc6 bxc6 18. Rfd1 Nc5 19. Bf3 h6 20. Bh4 Rac8 21.
Bg3 f5 22. Bd6 Rfd8 23. Nc4 Nb3 24. Ra3 Bc5 25. Rxb3 Bxd6 26. Nxa5 Bf8 27. Kf1
Rb8 28. Nxc6 Rxb3 29. Nxd8 Rxb2 30. Nxe6 Nxc3 31. Rc1 Bb4 32. Nd4 Nxa4 33. Nxf5
Nc3 34. h4 Kf7 35. Ra1 Bc5 36. Ne3 Ke7 37. Rc1 Rb1 38. Rxb1 Nxb1 39. Nd5+ Kd6
40. Ke2 Na3 41. Nf4 Nb5 42. Kf1 Nd4 43. Bd1 Ke5 44. Nd3+ Kd5 45. Nf4+ Kd6 46.
Nh5 Nf5 47. Bc2 Nxh4 48. Nxg7 Ke7 49. Nh5 Kf7 50. Ng3 Ng6 51. Bb3+ Kg7 52. Ne4
Be7 53. Bc2 Nf4 54. Ng3 Bf8 55. Nf5+ Kf6 56. Ne3 Ne6 57. Bb3 Nc5 58. Bc4 Ne4 59.
Bd3 Nc5 60. Bc2 Ne6 61. Ke1 Bc5 62. Nd5+ Ke5 63. Nc3 Bb4 64. Ke2 Bxc3 65. g3 Nc5
66. f4+ Kf6 67. g4 Kg7 68. Kf3 Bd2 69. Bd1 Ne6 70. g5 h5 71. Ke4 Nxf4 72. Kf5 h4
73. Bg4 h3 74. Bxh3 Nxh3 75. Kg4 Nxg5 76. Kf5 Nf7 77. Ke6 Kg6 78. Kd5 Kf5 79.
Kd4 Ke6 80. Ke4 Nd6+ 81. Kd4 Bf4 82. Kd3 Kd5 83. Ke2 Ke4 84. Kf2 Nf5 85. Kg2 Ne7
86. Kf2 Ng6 87. Kg2 Ne5 88. Kf2 Nc4 89. Kg2 Ne3+ 90. Kf2 Be5 91. Kg1 Kf3 92. Kh1
Kg3 93. Kg1 Ng4 94. Kf1 Kf3 95. Ke1 Bc3+ 96. Kd1 Ne3+ 97. Kc1 Ke4 98. Kb1 Kd3
99. Ka2 Nc4 100. Kb1 Kd2 101. Ka2 Bf6 102. Kb3 Kd3 103. Kb4 Be7+ 104. Kb5 Kd4
105. Kc6 Bc5 106. Kd7 Kd5 107. Kc7 Nd6 108. Kb8 Kc6 109. Ka8 Nb5 110. Kb8 Nc7
111. Kc8 Ba7 112. Kd8 Nd5 113. Ke8 Kd6 114. Kf7 Ke5 115. Kg6 Nf4+ 116. Kg5 Ke4
117. Kg4 Bf2 118. Kg5 Nd5 119. Kg4 Nf4 120. Kg5 Kf3 121. Kf5 Bd4 122. Kg5 Ng2
123. Kf5 Ne3+ 124. Ke6 Ke4 125. Kd7 Kd5 126. Kc7 Nc4 127. Kd7 Be5 128. Kc8 Kc6
129. Kd8 Bd6 130. Kc8 Nb6+ 131. Kd8 Kd5 132. Ke8 Ke6 133. Kd8 Bf4 134. Ke8 Bc7
135. Kf8 Kf6 136. Ke8 Ke6 137. Kf8 Be5 138. Ke8 Bf6 139. Kf8 Nd7+ 140. Ke8 Ne5
141. Kf8 Nc4 142. Ke8 Nd6+ 143. Kf8 Bd4 144. Kg8 Kf6 145. Kh7 Nf5 146. Kg8 Bc5
147. Kh7 Bb4 148. Kg8 Kg6 149. Kh8 Ba3 150. Kg8 1/2-1/2

[Event "World Blitz 2025"]
[Site "Doha QAT"]
[Date "2025.12.30"]
[Round "19.115"]
[White "Alsaqer, Meshal"]
[Black "Dinham, James"]
[Result "0-1"]
[WhiteElo "1853"]
[BlackElo "2091"]
[WhiteFideId "10301771"]
[BlackFideId "14327023"]
[EventDate "2025.12.29"]

1. d4 Nf6 2. Nf3 g6 3. Bf4 d5 4. e3 Bg7 5. Be2 O-O 6. O-O c5 7. c3 Nc6 8. h3 Ne4
9. Nbd2 Qb6 10. Qb3 Nxd2 11. Nxd2 c4 12. Qxb6 axb6 13. b3 b5 14. a4 bxa4 15.
bxc4 dxc4 16. Nxc4 b5 17. Nb6 Ra5 18. Bc7 Ra7 19. Bg3 Ba6 20. Rfb1 b4 21. Bxa6
Rxa6 22. Rxa4 Rxb6 23. cxb4 e5 24. b5 Ne7 25. dxe5 Nd5 26. Rd4 Nc3 27. Rb3 Ne2+
28. Kh2 Nxd4 29. exd4 Rd8 30. Rb4 Bf8 31. Rc4 Rxb5 32. Bf4 Rbd5 33. Be3 Ra8 34.
Kg3 Ra3 35. Kf3 Bh6 36. Ke4 Bxe3 37. Kxd5 Bxf2 38. Kc6 Rd3 39. Kd5 h5 40. Ke4
Rd1 41. d5 Bg3 42. Rc3 h4 43. d6 Re1+ 44. Kd5 Rxe5+ 45. Kc6 Re6 46. Rd3 f5 47.
Kd7 Rxd6+ 48. Rxd6 Bxd6 49. Kxd6 Kf7 50. Kd7 Kf6 51. Kd6 g5 52. Kd5 g4 53. Kd6
f4 54. hxg4 f3 55. gxf3 h3 56. Kd5 h2 0-1

[Event "World Blitz 2025"]
[Site "Doha QAT"]
[Date "2025.12.30"]
[Round "19.116"]
[White "Blackwood, Ryan"]
[Black "Berend, Fred"]
[Result "1-0"]
[BlackTitle "IM"]
[WhiteElo "1945"]
[BlackElo "2213"]
[WhiteFideId "7400640"]
[BlackFideId "4000102"]
[EventDate "2025.12.29"]

1. e4 c5 2. Nf3 e6 3. d4 cxd4 4. Nxd4 Nf6 5. Nc3 Nc6 6. Nxc6 bxc6 7. Bd3 d5 8.
O-O Be7 9. Qe1 O-O 10. Kh1 a5 11. f3 Ba6 12. Bg5 Nd7 13. Bxe7 Qxe7 14. Bxa6 Rxa6
15. exd5 cxd5 16. Nxd5 Qg5 17. Nc3 a4 18. Rd1 Nb6 19. Ne4 Qb5 20. b3 axb3 21.
axb3 Ra2 22. Qe3 Rxc2 23. Nd6 Nd5 24. Qe4 Qxb3 25. Rb1 Rb2 26. Rxb2 Qxb2 27. Rb1
Qa3 28. Qe5 Qe3 29. Qb2 h6 30. Ne4 Rc8 31. h3 Qf4 32. Qa3 Rd8 33. Qa5 Qc7 34.
Qe1 Rc8 35. Rd1 Qf4 36. Rb1 Kf8 37. Nf2 Qe3 38. Qf1 g6 39. Ng4 Kg7 40. Nxe3 Nxe3
41. Qe1 1-0

[Event "World Blitz 2025"]
[Site "Doha QAT"]
[Date "2025.12.30"]
[Round "19.117"]
[White "Al Mashikhi, Salim Aliyan"]
[Black "Alkhuriji, Abdulaziz N"]
[Result "0-1"]
[WhiteTitle "FM"]
[WhiteElo "1952"]
[BlackElo "1972"]
[WhiteFideId "22000046"]
[BlackFideId "21525919"]
[EventDate "2025.12.29"]

1. c4 Nf6 2. Nf3 g6 3. g3 Bg7 4. Bg2 O-O 5. O-O d6 6. d4 Nc6 7. Nc3 e5 8. d5 Ne7
9. Rb1 c6 10. e4 cxd5 11. cxd5 h6 12. h3 Bd7 13. Be3 Kh7 14. Rc1 Nfg8 15. Qb3 b6
16. Nb5 Bxb5 17. Qxb5 f5 18. exf5 gxf5 19. Rc2 Nf6 20. Rd1 Nh5 21. Nh4 f4 22.
gxf4 exf4 23. Bd4 Rg8 24. Kf1 Bxd4 25. Rxd4 Ng6 26. Nxg6 Kxg6 27. Qd3+ Kg7 28.
Rdc4 Kh8 29. Qf5 Qe8 30. Rc7 Ng7 31. Qf6 Qh5 32. R2c3 Qd1# 0-1

[Event "World Blitz 2025"]
[Site "Doha QAT"]
[Date "2025.12.30"]
[Round "19.118"]
[White "George Samir, David"]
[Black "AlJamaat, Khaled"]
[Result "1-0"]
[WhiteTitle "IM"]
[WhiteElo "2343"]
[BlackElo "1719"]
[WhiteFideId "10657789"]
[BlackFideId "12102415"]
[EventDate "2025.12.29"]

1. e4 e5 2. Nf3 Nc6 3. Bb5 a6 4. Ba4 Nf6 5. O-O Bc5 6. c3 b5 7. Bb3 d6 8. a4 Bb7
9. d4 Bb6 10. Re1 h6 11. a5 Nxa5 12. dxe5 dxe5 13. Nxe5 Nxb3 14. Qxb3 O-O 15.
Nd2 Qe7 16. Ng6 Qc5 17. Re3 Ng4 18. Nf3 Rfe8 19. h3 Nxe3 20. Bxe3 Qc4 21. Qxc4
bxc4 22. Nge5 Bxe3 23. fxe3 Bxe4 24. Nxc4 Bd5 25. Nfd2 Bxc4 26. Nxc4 Re4 27. Ra4
a5 28. Kf2 Ra6 29. Kf3 f5 30. b3 Ra7 31. g4 g6 32. gxf5 gxf5 33. Ra1 Rb7 34.
Nxa5 Rb5 35. b4 Re6 36. Rd1 c5 37. Rd5 Reb6 38. bxc5 Rxa5 39. Rd8+ Kf7 40. cxb6
Rb5 41. Rd6 Kg7 42. c4 Rb4 43. c5 Rb5 44. Rd7+ Kf6 45. b7 Ke6 46. c6 1-0

[Event "World Blitz 2025"]
[Site "Doha QAT"]
[Date "2025.12.30"]
[Round "19.119"]
[White "Fates, Omer Salah"]
[Black "Ashwath Kaushik"]
[Result "0-1"]
[BlackTitle "FM"]
[WhiteElo "2079"]
[BlackElo "2345"]
[WhiteFideId "9212035"]
[BlackFideId "33387230"]
[EventDate "2025.12.29"]

1. e4 e6 2. d4 d5 3. Bd3 c5 4. c3 Nc6 5. Ne2 dxe4 6. Bxe4 Nf6 7. Bf3 cxd4 8.
cxd4 Bb4+ 9. Nbc3 O-O 10. O-O a6 11. Bg5 h6 12. Bh4 Be7 13. Re1 Nd5 14. Bxe7
Ncxe7 15. Ng3 Bd7 16. Nce4 Bc6 17. Nc5 Qb6 18. Qd2 Rfd8 19. Rac1 Nf6 20. Bxc6
Nxc6 21. Re3 Nxd4 22. Rd3 Nc6 23. Rb3 Qxc5 24. Qxd8+ Rxd8 25. Rxc5 Rd1+ 26. Nf1
Ne4 27. f3 Nxc5 28. Rc3 Nd3 29. b3 Nd4 30. g3 Nxf3+ 31. Kg2 Nfe1+ 32. Kh3 Nf3
33. Ne3 Rd2 34. Kg4 Nde5+ 35. Kf4 Rd4# 0-1

[Event "World Blitz 2025"]
[Site "Doha QAT"]
[Date "2025.12.30"]
[Round "19.120"]
[White "Anand, Tsogtbileg"]
[Black "Al-Kuwari, Hamad"]
[Result "1-0"]
[WhiteTitle "CM"]
[BlackTitle "CM"]
[WhiteElo "1968"]
[BlackElo "1809"]
[WhiteFideId "4926552"]
[BlackFideId "12102679"]
[EventDate "2025.12.29"]

1. d4 d5 2. c4 e6 3. g3 Nf6 4. Bg2 Be7 5. Nf3 O-O 6. O-O dxc4 7. Qc2 a6 8. a4
Bd7 9. Ne5 Bc6 10. Nxc6 Nxc6 11. e3 Na5 12. Nd2 c5 13. dxc5 Bxc5 14. Nxc4 Nxc4
15. Qxc4 Qe7 16. b3 Rac8 17. Qh4 b6 18. Bb2 Ne8 19. Qg4 f5 20. Qe2 Nf6 21. Qxa6
e5 22. Rac1 e4 23. b4 Ra8 24. Qc4+ 1-0

[Event "World Blitz 2025"]
[Site "Doha QAT"]
[Date "2025.12.30"]
[Round "19.121"]
[White "Al-Mansouri, Fahad"]
[Black "Ammar, Sedrani"]
[Result "0-1"]
[BlackTitle "FM"]
[WhiteElo "1607"]
[BlackElo "2203"]
[WhiteFideId "12102407"]
[BlackFideId "9312331"]
[EventDate "2025.12.29"]

1. e4 d6 2. d4 Nd7 3. Nf3 g6 4. Bc4 Bg7 5. Nc3 e6 6. Be3 Ne7 7. O-O a6 8. a4 O-O
9. Qd2 Re8 10. Bh6 Bh8 11. Ng5 Nc6 12. Qf4 Qf6 13. Qxf6 Bxf6 14. d5 Nd4 15. Bd3
Ne5 16. h3 Bxg5 17. Bxg5 c6 18. f4 Nxd3 19. cxd3 f5 20. Bf6 c5 21. Bxd4 cxd4 22.
Ne2 exd5 23. Nxd4 dxe4 24. dxe4 Rxe4 25. Nb3 Bd7 26. Rad1 Bxa4 27. Nd2 Re2 28.
Rde1 Rxd2 29. Re7 Bc6 30. Rfe1 Rxg2+ 31. Kf1 Rh2 32. R1e3 Rf8 33. Rc7 Rf7 34.
Rxf7 Kxf7 0-1

[Event "World Blitz 2025"]
[Site "Doha QAT"]
[Date "2025.12.30"]
[Round "19.122"]
[White "Al-Janahi, Ibrahim"]
[Black "Dahal, Sushrut"]
[Result "1-0"]
[BlackTitle "CM"]
[WhiteElo "1656"]
[BlackElo "2037"]
[WhiteFideId "12102385"]
[BlackFideId "12303275"]
[EventDate "2025.12.29"]

1. d4 Nf6 2. c4 e6 3. Nc3 Bb4 4. e3 O-O 5. Nf3 c5 6. a3 Bxc3+ 7. bxc3 d6 8. Bd3
Qe7 9. O-O Nc6 10. e4 e5 11. d5 Na5 12. h3 h6 13. Be3 b6 14. Nd2 Ba6 15. f4 exf4
16. Bxf4 Nd7 17. Qg4 Ne5 18. Bxe5 Qxe5 19. Rac1 Bc8 20. Qf4 Qxf4 21. Rxf4 Bd7
22. Rcf1 f6 23. Be2 Rfe8 24. Bh5 Re7 25. Bd1 Be8 26. Bc2 Rb8 27. Rg4 Bh5 28.
Rgf4 Be2 29. R1f2 Bxc4 30. Rg4 Bb5 31. Rxf6 Rd8 32. Rxh6 Rf8 33. Rxd6 Be2 34.
Rg3 c4 35. Nf3 Nb7 36. Rdg6 1-0